| 000 | 00738cam a22002413a 4500 | ||
|---|---|---|---|
| 001 | 28227 | ||
| 003 | PGUSA | ||
| 005 | 20140828083617.0 | ||
| 008 | 090301s2009||||xxu|||||s|||||000 | eng d | ||
| 040 |
_aPGUSA _beng |
||
| 042 | _adc | ||
| 050 | 4 | _aZ | |
| 100 | 1 |
_aSimonetta, Francesco, _d1410-1480 |
|
| 245 | 1 | 0 |
_aLes règles de Cicco Simonetta : _bpour le déchiffrement des écritures secrètes _h[electronic resource] / _cFrancesco Simonetta |
| 260 |
_bProject Gutenberg, _c2009 |
||
| 506 | _aPublic domain in the USA. | ||
| 516 | _aElectronic text | ||
| 653 | _aCryptography | ||
| 700 | 1 |
_aPerret, Paul Michel, _d1861-1893 |
|
| 830 | 0 |
_aProject Gutenberg _v28227 |
|
| 856 | 4 | 0 | _uhttp://www.gutenberg.org/ebooks/28227 |
| 942 | _cEB | ||
| 999 |
_c257482 _d257482 |
||